000 00480nam a2200157 4500
001 138897
003 ES-MaACL
007 t|
008 070214s1946 sp r ||||1| spa d
100 1 _aSan Valero Aparisi, Julián.
_9102311
245 1 0 _aAtlas Histórico Universal /
_cDr. Julián San Valero Aparisi.
250 _a1ª ed.
260 _aMadrid :
_b[s. n.],
_c1946 (
_fGráf. Ultra)
300 _a40 p. ;
_c27 cm +
_eXIII, 109 map. col.
852 _aES-MaACL
_jB-2968
_bR.22773
999 _c138897
_d138897